[Event "GBR-ch108 Major Open"]
[Site "Torquay"]
[Date "2022.08.21"]
[Round "9"]
[White "Young, Daniel J"]
[Black "Adams, Henry"]
[Result "1/2-1/2"]
[WhiteElo "1810"]
[BlackElo "1473"]
[PlyCount "86"]
[EventDate "2022.08.13"]
[EventType "swiss"]
[EventRounds "9"]
[EventCountry "GBR"]
[SourceTitle "BritBase"]
[Source "John Saunders"]
[SourceDate "2021.06.05"]
[SourceVersion "1"]
[SourceVersionDate "2021.06.05"]
[SourceQuality "1"]

1. Nf3 c5 2. c4 Nf6 3. Nc3 Nc6 4. g3 e6 5. Bg2 d5 6. cxd5 exd5 7. d4 cxd4 8.
Nxd4 Bc5 9. Nxc6 bxc6 10. O-O O-O 11. b3 Re8 12. Bb2 Ba6 13. Qc2 Rc8 14. Rad1
Rc7 15. Rfe1 Rce7 16. e3 Bb4 17. a3 Ba5 18. b4 Bc7 19. Ne2 Bc4 20. Nd4 Qa8 21.
Nf5 Re6 22. Nd4 R6e7 23. Bf1 Bxf1 24. Rxf1 Be5 25. Nxc6 Rc7 26. Bxe5 Rxe5 27.
Qb2 Rh5 28. Nd4 Qc8 29. Rc1 Qh3 30. f3 Re7 31. Rc3 Rg5 32. b5 h5 33. Qg2 Qd7
34. f4 Rg6 35. Nc6 h4 36. Nxe7+ Qxe7 37. f5 Rg5 38. Rf4 hxg3 39. hxg3 g6 40.
fxg6 Rxg6 41. Qh3 Kg7 42. Qh4 Qe5 43. Rd3 Rh6 1/2-1/2

[Event "GBR-ch108 Major Open"]
[Site "Torquay"]
[Date "2022.08.21"]
[Round "9"]
[White "Burton, Nick"]
[Black "Thatte, Nishchal"]
[Result "1/2-1/2"]
[WhiteElo "1740"]
[BlackElo "1850"]
[PlyCount "53"]
[EventDate "2022.08.13"]
[EventType "swiss"]
[EventRounds "9"]
[EventCountry "GBR"]
[SourceTitle "BritBase"]
[Source "John Saunders"]
[SourceDate "2021.06.05"]
[SourceVersion "1"]
[SourceVersionDate "2021.06.05"]
[SourceQuality "1"]

1. Nf3 Nf6 2. g3 c5 3. Bg2 g6 4. O-O Bg7 5. d3 d5 6. Nbd2 O-O 7. e4 Nc6 8. c3
b6 9. Re1 e6 10. e5 Nd7 11. d4 Qc7 12. Nf1 Ba6 13. Bf4 cxd4 14. cxd4 Qb7 15.
Qd2 Ne7 16. Ne3 Rac8 17. h4 Rfe8 18. h5 Nf5 19. Nxf5 exf5 20. hxg6 fxg6 21. Bh3
Rf8 22. g4 fxg4 23. Bxg4 Rce8 24. Rac1 Re7 25. Bg5 Ree8 26. Bf4 Re7 27. Bg5
1/2-1/2

[Event "GBR-ch108 Major Open"]
[Site "Torquay"]
[Date "2022.08.21"]
[Round "9"]
[White "Kumar, Soham"]
[Black "Hickman, John E"]
[Result "1/2-1/2"]
[WhiteElo "1368"]
[BlackElo "1832"]
[PlyCount "87"]
[EventDate "2022.08.13"]
[EventType "swiss"]
[EventRounds "9"]
[EventCountry "GBR"]
[SourceTitle "BritBase"]
[Source "John Saunders"]
[SourceDate "2021.06.05"]
[SourceVersion "1"]
[SourceVersionDate "2021.06.05"]
[SourceQuality "1"]

1. e4 d6 2. d4 Nf6 3. Nc3 g6 4. f4 Bg7 5. Nf3 O-O 6. Bd3 Nc6 7. h3 e5 8. fxe5
dxe5 9. d5 Nd4 10. Be3 Nh5 11. Bxd4 exd4 12. Ne2 c6 13. dxc6 bxc6 14. Qd2 c5
15. e5 Bb7 16. O-O Bxf3 17. Rxf3 Bxe5 18. Raf1 Rb8 19. Bc4 Rb7 20. g4 Ng7 21.
Nf4 Bxf4 22. Rxf4 Ne8 23. c3 Nd6 24. Bd5 Rd7 25. c4 Qh4 26. Qh2 Re7 27. b4 Re3
28. bxc5 Rxh3 29. Qf2 Rg3+ 30. Bg2 Nxc4 31. Rxf7 Rxg2+ 32. Qxg2 Rxf7 33. Rxf7
Kxf7 34. Qd5+ Ke8 35. Qe6+ Kd8 36. Qxc4 Qxg4+ 37. Kh2 Qf4+ 38. Kh3 Qe3+ 39. Kh4
g5+ 40. Kh5 d3 41. Qd5+ Ke8 42. c6 Qg3 43. Qe6+ Kf8 44. Qf6+ 1/2-1/2

[Event "GBR-ch108 Major Open"]
[Site "Torquay"]
[Date "2022.08.21"]
[Round "9"]
[White "Gamal, Alaa"]
[Black "Humphreys, Jerry G"]
[Result "1/2-1/2"]
[WhiteElo "1690"]
[BlackElo "1942"]
[PlyCount "29"]
[EventDate "2022.08.13"]
[EventType "swiss"]
[EventRounds "9"]
[EventCountry "GBR"]
[SourceTitle "BritBase"]
[Source "John Saunders"]
[SourceDate "2021.06.05"]
[SourceVersion "1"]
[SourceVersionDate "2021.06.05"]
[SourceQuality "1"]

1. d4 Nf6 2. Nf3 g6 3. c4 Bg7 4. Nc3 d5 5. cxd5 Nxd5 6. g3 O-O 7. Bg2 c5 8. O-O
Nc6 9. Nxd5 Qxd5 10. Ne5 Qxd4 11. Nxc6 bxc6 12. Bxc6 Rb8 13. Qc2 Bf5 14. e4 Bg4
15. Rb1 1/2-1/2

[Event "GBR-ch108 Major Open"]
[Site "Torquay"]
[Date "2022.08.21"]
[Round "9"]
[White "Wheeler, James M"]
[Black "Mize, Dylan"]
[Result "1/2-1/2"]
[WhiteElo "1791"]
[BlackElo "1538"]
[PlyCount "32"]
[EventDate "2022.08.13"]
[EventType "swiss"]
[EventRounds "9"]
[EventCountry "GBR"]
[SourceTitle "BritBase"]
[Source "John Saunders"]
[SourceDate "2021.06.05"]
[SourceVersion "1"]
[SourceVersionDate "2021.06.05"]
[SourceQuality "1"]

1. d4 Nf6 2. Nc3 d5 3. Bg5 Nbd7 4. e3 e6 5. a3 h6 6. Bh4 Be7 7. Nf3 O-O 8. Be2
c5 9. O-O a6 10. Ne5 Nxe5 11. dxe5 Nd7 12. Bxe7 Qxe7 13. f4 f6 14. exf6 Nxf6
15. Bf3 Rb8 16. Qe1 b5 1/2-1/2

[Event "GBR-ch108 Major Open"]
[Site "Torquay"]
[Date "2022.08.21"]
[Round "9"]
[White "Garnett, John S"]
[Black "Willow, Hambel M"]
[Result "1/2-1/2"]
[WhiteElo "1916"]
[BlackElo "1585"]
[PlyCount "63"]
[EventDate "2022.08.13"]
[EventType "swiss"]
[EventRounds "9"]
[EventCountry "GBR"]
[SourceTitle "BritBase"]
[Source "John Saunders"]
[SourceDate "2021.06.05"]
[SourceVersion "1"]
[SourceVersionDate "2021.06.05"]
[SourceQuality "1"]

1. d4 c6 2. c4 d5 3. Nf3 Nf6 4. Qc2 g6 5. Bf4 Bf5 6. Qb3 Qb6 7. e3 Nbd7 8. Nc3
Qxb3 9. axb3 a6 10. Be2 Bg7 11. h3 h5 12. Ne5 dxc4 13. bxc4 Nxe5 14. Bxe5 O-O
15. O-O Rfe8 16. b4 Ne4 17. Nxe4 Bxe4 18. Bxg7 Kxg7 19. b5 axb5 20. cxb5 cxb5
21. Bxb5 Rec8 22. f3 Bc6 23. Rxa8 Rxa8 24. Bxc6 bxc6 25. Rc1 Ra3 26. Kf2 Ra2+
27. Kf1 Ra3 28. Re1 Rc3 29. Re2 e6 30. f4 c5 31. dxc5 Rxc5 32. Kf2 1/2-1/2

[Event "GBR-ch108 Major Open"]
[Site "Torquay"]
[Date "2022.08.21"]
[Round "9"]
[White "Karski, Sebastian"]
[Black "Matthews, Adrian M S"]
[Result "1-0"]
[WhiteElo "1800"]
[BlackElo "1932"]
[PlyCount "129"]
[EventDate "2022.08.13"]
[EventType "swiss"]
[EventRounds "9"]
[EventCountry "GBR"]
[SourceTitle "BritBase"]
[Source "John Saunders"]
[SourceDate "2021.06.05"]
[SourceVersion "1"]
[SourceVersionDate "2021.06.05"]
[SourceQuality "1"]

1. e4 c5 2. Nf3 Nc6 3. d4 cxd4 4. Nxd4 Nf6 5. Nc3 e5 6. Ndb5 d6 7. Bg5 a6 8.
Na3 b5 9. Bxf6 gxf6 10. Nd5 f5 11. c3 Bg7 12. exf5 Bxf5 13. Nc2 Be6 14. Nce3
O-O 15. Bd3 f5 16. O-O e4 17. Nf4 Bf7 18. Bc2 Be5 19. Nfd5 Be6 20. f4 exf3 21.
Qxf3 Ne7 22. Nxe7+ Qxe7 23. Bxf5 Bxf5 24. Nxf5 Qa7+ 25. Kh1 Kh8 26. Rad1 Qc5
27. Qd5 Qxd5 28. Rxd5 Rf6 29. g4 Raf8 30. Rfd1 h5 31. Nxd6 Bxd6 32. Rxd6 hxg4
33. Rxf6 Rxf6 34. Kg2 Kg7 35. Rd4 Re6 36. Rxg4+ Kf6 37. Kf3 Re1 38. Rg2 a5 39.
a3 Rd1 40. h4 b4 41. cxb4 axb4 42. axb4 Rd4 43. Rh2 Rxb4 44. h5 Kg7 45. h6+ Kh7
46. Ke3 Rc4 47. Kd3 Rc1 48. b4 Rc8 49. Kd4 Kh8 50. b5 Rc1 51. Kd5 Kh7 52. Kd6
Rb1 53. Rh5 Rb2 54. Kc6 Rc2+ 55. Rc5 Rb2 56. b6 Kxh6 57. Kc7 Rg2 58. b7 Rg7+
59. Kb8 Rg1 60. Rc7 Rg2 61. Rc6+ Kh7 62. Ka7 Rg7 63. Ka8 Rg1 64. b8=Q Ra1+ 65.
Qa7+ 1-0

[Event "GBR-ch108 Major Open"]
[Site "Torquay"]
[Date "2022.08.21"]
[Round "9"]
[White "Liu, Tianyi (Jack)"]
[Black "Davis, Timothy"]
[Result "1/2-1/2"]
[WhiteElo "1529"]
[BlackElo "1660"]
[PlyCount "91"]
[EventDate "2022.08.13"]
[EventType "swiss"]
[EventRounds "9"]
[EventCountry "GBR"]
[SourceTitle "BritBase"]
[Source "John Saunders"]
[SourceDate "2021.06.05"]
[SourceVersion "1"]
[SourceVersionDate "2021.06.05"]
[SourceQuality "1"]

1. e4 c6 2. d4 d5 3. e5 Bf5 4. Nd2 e6 5. Nb3 Nd7 6. Nf3 Bg4 7. Be2 Bxf3 8. Bxf3
c5 9. c3 c4 10. Nd2 b5 11. O-O Ne7 12. Re1 Nf5 13. Nf1 Be7 14. g3 Nb6 15. Ne3
Nxe3 16. fxe3 O-O 17. e4 a6 18. Bd2 Rc8 19. Kg2 Re8 20. Qc2 Bg5 21. h4 Bxd2 22.
Qxd2 dxe4 23. Bxe4 Nd5 24. Re2 b4 25. Kh2 bxc3 26. bxc3 Qa5 27. Bxd5 Qxd5 28.
Rb1 Rb8 29. Ree1 Rb5 30. Rb2 Reb8 31. Reb1 h6 32. Qe2 Qc6 33. Qc2 R8b6 34. Rxb5
Rxb5 35. Rxb5 Qxb5 36. Qc1 h5 37. Qc2 a5 38. Qg2 Qd5 39. Qxd5 exd5 40. Kg2 Kf8
41. Kf3 Ke7 42. Kf4 Ke6 43. Kg5 g6 44. a4 f6+ 45. exf6 Kf7 46. g4 1/2-1/2

[Event "GBR-ch108 Major Open"]
[Site "Torquay"]
[Date "2022.08.21"]
[Round "9"]
[White "Dasgupta, Avyukt"]
[Black "Ashworth, Robert"]
[Result "1/2-1/2"]
[WhiteElo "1570"]
[BlackElo "1581"]
[PlyCount "104"]
[EventDate "2022.08.13"]
[EventType "swiss"]
[EventRounds "9"]
[EventCountry "GBR"]
[SourceTitle "BritBase"]
[Source "John Saunders"]
[SourceDate "2021.06.05"]
[SourceVersion "1"]
[SourceVersionDate "2021.06.05"]
[SourceQuality "1"]

1. d4 d5 2. Bf4 Nf6 3. e3 c5 4. c3 Nc6 5. Nd2 Bf5 6. Qb3 Qd7 7. dxc5 e6 8. Ngf3
Bxc5 9. Nd4 Bg6 10. N2f3 O-O 11. Bb5 Bd6 12. Qa4 Bxf4 13. exf4 Qc7 14. Bxc6
bxc6 15. Nxc6 Ne4 16. O-O Qxf4 17. Qd4 Qd6 18. Nce5 Bh5 19. Rfe1 Qe7 20. c4
Bxf3 21. Nxf3 Qf6 22. Ne5 Rfd8 23. cxd5 exd5 24. f3 Ng5 25. Rad1 Ne6 26. Qa4
Nf4 27. Ng4 Qg5 28. g3 Ng6 29. Qd4 Qf5 30. Kg2 Rac8 31. Ne3 Qg5 32. h4 Qh5 33.
Rd2 Ne7 34. Nc4 Nc6 35. Qe3 h6 36. Na3 d4 37. Qe4 Re8 38. Qxe8+ Rxe8 39. Rxe8+
Kh7 40. Nc2 Qc5 41. Re4 d3 42. Ne1 Ne5 43. Rf2 f5 44. Rxe5 Qxe5 45. Nxd3 Qd5
46. Nf4 Qxa2 47. h5 Kg8 48. Kg1 Kf7 49. Re2 Qc4 50. Kf2 Qd4+ 51. Kg2 Qd1 52.
Re6 Qc1 1/2-1/2

[Event "GBR-ch108 Major Open"]
[Site "Torquay"]
[Date "2022.08.21"]
[Round "9"]
[White "McKay, Ruairidh"]
[Black "Tye, Jack"]
[Result "0-1"]
[WhiteElo "1394"]
[BlackElo "1428"]
[PlyCount "52"]
[EventDate "2022.08.13"]
[EventType "swiss"]
[EventRounds "9"]
[EventCountry "GBR"]
[SourceTitle "BritBase"]
[Source "John Saunders"]
[SourceDate "2021.06.05"]
[SourceVersion "1"]
[SourceVersionDate "2021.06.05"]
[SourceQuality "1"]

1. d4 d5 2. Nf3 Nf6 3. c4 c6 4. e3 Bf5 5. Qb3 Qb6 6. Qxb6 axb6 7. Nc3 e6 8. Be2
Na6 9. a3 Nb4 10. O-O Nd3 11. cxd5 Nxc1 12. Rfxc1 exd5 13. b4 Bd6 14. h3 O-O
15. Nh4 Bd7 16. Bd3 Rfe8 17. Bf5 Bxf5 18. Nxf5 Bf8 19. Ng3 Ra7 20. Rc2 Bxb4 21.
Nb1 Rea8 22. Rca2 b5 23. f3 Bd6 24. Nf1 b4 25. a4 c5 26. dxc5 Be5 0-1

[Event "GBR-ch108 Major Open"]
[Site "Torquay"]
[Date "2022.08.21"]
[Round "9"]
[White "Headlong, Georgia"]
[Black "Miller, George"]
[Result "1/2-1/2"]
[WhiteElo "1417"]
[BlackElo "1783"]
[PlyCount "57"]
[EventDate "2022.08.13"]
[EventType "swiss"]
[EventRounds "9"]
[EventCountry "GBR"]
[SourceTitle "BritBase"]
[Source "John Saunders"]
[SourceDate "2021.06.05"]
[SourceVersion "1"]
[SourceVersionDate "2021.06.05"]
[SourceQuality "1"]

1. e4 d5 2. exd5 Nf6 3. d4 Bg4 4. Be2 Bxe2 5. Nxe2 Qxd5 6. Nf4 Qd7 7. c3 e6 8.
Nd2 c5 9. dxc5 Bxc5 10. O-O Nc6 11. Nb3 Bb6 12. Qxd7+ Nxd7 13. Re1 O-O 14. Be3
Rad8 15. Kf1 Bxe3 16. Rxe3 b6 17. Re4 Nf6 18. Rc4 Rd6 19. Ne2 e5 20. Ng3 g6 21.
Ke2 Rfd8 22. Re1 Kg7 23. Nf1 Nd5 24. g3 f5 25. Nbd2 Na5 26. Ra4 Nc6 27. Rc4 Na5
28. Ra4 Nc6 29. Rc4 1/2-1/2

[Event "GBR-ch108 Major Open"]
[Site "Torquay"]
[Date "2022.08.21"]
[Round "9"]
[White "Pert, Max"]
[Black "Oh, Julie"]
[Result "1-0"]
[WhiteElo "1487"]
[BlackElo "1161"]
[PlyCount "55"]
[EventDate "2022.08.13"]
[EventType "swiss"]
[EventRounds "9"]
[EventCountry "GBR"]
[SourceTitle "BritBase"]
[Source "John Saunders"]
[SourceDate "2021.06.05"]
[SourceVersion "1"]
[SourceVersionDate "2021.06.05"]
[SourceQuality "1"]

1. d4 e6 2. c4 Bb4+ 3. Bd2 Bxd2+ 4. Nxd2 c5 5. d5 d6 6. e4 e5 7. Bd3 Ne7 8. Qc2
Ng6 9. Ne2 Nd7 10. O-O-O a6 11. Kb1 Rb8 12. g3 b5 13. f4 Qb6 14. f5 Ne7 15. g4
b4 16. g5 a5 17. h4 f6 18. Ng3 h6 19. Nh5 Kf7 20. Rdg1 Rg8 21. gxh6 gxh6 22.
Rxg8 Nxg8 23. Qd1 Qd8 24. Rg1 Ne7 25. Ng7 Nb6 26. Qh5+ Kf8 27. Ne6+ Bxe6 28.
dxe6 1-0

[Event "GBR-ch108 Major Open"]
[Site "Torquay"]
[Date "2022.08.21"]
[Round "9"]
[White "Hutchence, Gregg Sh"]
[Black "Gartside, Carl"]
[Result "0-1"]
[WhiteElo "1417"]
[BlackElo "1739"]
[PlyCount "69"]
[EventDate "2022.08.13"]
[EventType "swiss"]
[EventRounds "9"]
[EventCountry "GBR"]
[SourceTitle "BritBase"]
[Source "John Saunders"]
[SourceDate "2021.06.05"]
[SourceVersion "1"]
[SourceVersionDate "2021.06.05"]
[SourceQuality "1"]

1. d4 Nf6 2. c4 e6 3. Nf3 Bb4+ 4. Bd2 Qe7 5. Nc3 Bxc3 6. bxc3 Ne4 7. e3 O-O 8.
Be2 Nc6 9. O-O b6 10. Be1 Ba6 11. Qc2 f5 12. Nd2 Nd6 13. Qa4 Na5 14. Nb3 Bxc4
15. Bxc4 Naxc4 16. Nd2 Nxd2 17. Bxd2 b5 18. Qc2 Nc4 19. a4 a6 20. Qa2 Qe8 21.
Rfb1 c6 22. Bc1 d6 23. Qe2 e5 24. Ba3 Qe6 25. a5 Rf6 26. Rd1 Re8 27. Qf3 e4 28.
Qe2 f4 29. Qh5 Rh6 30. Qg5 fxe3 31. fxe3 Rg6 32. d5 Qh3 33. gxh3 Rxg5+ 34. Kf2
Rf8+ 35. Ke2 0-1

[Event "GBR-ch108 Major Open"]
[Site "Torquay"]
[Date "2022.08.21"]
[Round "9"]
[White "Wilson, Matthew R"]
[Black "Cox, Lucian"]
[Result "1-0"]
[WhiteElo "1797"]
[BlackElo "1295"]
[PlyCount "71"]
[EventDate "2022.08.13"]
[EventType "swiss"]
[EventRounds "9"]
[EventCountry "GBR"]
[SourceTitle "BritBase"]
[Source "John Saunders"]
[SourceDate "2021.06.05"]
[SourceVersion "1"]
[SourceVersionDate "2021.06.05"]
[SourceQuality "1"]

1. e4 c5 2. Nf3 d6 3. Bb5+ Nc6 4. O-O Bd7 5. c3 Nf6 6. Re1 g6 7. d4 cxd4 8.
cxd4 Bg7 9. Nc3 O-O 10. e5 dxe5 11. dxe5 Ng4 12. Bf4 a6 13. Bf1 h5 14. h3 Nh6
15. Qd2 Bf5 16. Bxh6 Nb4 17. Bxg7 Kxg7 18. Qxd8 Rfxd8 19. Red1 Nc2 20. Rxd8
Rxd8 21. Rd1 Rc8 22. Nd4 Nxd4 23. Rxd4 b5 24. a3 e6 25. Rd6 Ra8 26. Bd3 Bxd3
27. Rxd3 f6 28. Rd7+ Kf8 29. exf6 Rb8 30. Ne4 b4 31. a4 b3 32. Nc5 Rb6 33. Re7
Rc6 34. Nxe6+ Kg8 35. f7+ Kh8 36. f8=Q# 1-0

[Event "GBR-ch108 Major Open"]
[Site "Torquay"]
[Date "2022.08.21"]
[Round "9"]
[White "Liu, Jacob"]
[Black "Sivanandan, Bodhana"]
[Result "0-1"]
[WhiteElo "1269"]
[BlackElo "1436"]
[PlyCount "150"]
[EventDate "2022.08.13"]
[EventType "swiss"]
[EventRounds "9"]
[EventCountry "GBR"]
[SourceTitle "BritBase"]
[Source "John Saunders"]
[SourceDate "2021.06.05"]
[SourceVersion "1"]
[SourceVersionDate "2021.06.05"]
[SourceQuality "1"]

1. e4 e5 2. Nf3 Nc6 3. Bc4 Bc5 4. c3 Nf6 5. d3 d6 6. h3 a6 7. a4 Ba7 8. O-O h6
9. Bb3 O-O 10. Re1 Re8 11. Nbd2 Be6 12. Bc2 Ne7 13. Nf1 Ng6 14. Be3 Bxe3 15.
fxe3 d5 16. exd5 Nxd5 17. Qd2 Qd6 18. Ng3 f5 19. e4 Nde7 20. exf5 Nxf5 21. Nxf5
Bxf5 22. Bb3+ Kh7 23. Bf7 Re7 24. Bxg6+ Bxg6 25. Rad1 Rd8 26. Qe3 Rde8 27. Nh4
Qc6 28. Nxg6 Qxg6 29. Qe4 c5 30. Qxg6+ Kxg6 31. Re4 Rd8 32. Kf2 Red7 33. Ke3
Kf6 34. a5 Rd5 35. Rf1+ Ke6 36. Rd1 R8d7 37. d4 cxd4+ 38. Rdxd4 Rxa5 39. Rxd7
Kxd7 40. Rb4 Rb5 41. Rg4 g5 42. b4 Ke6 43. Ke4 a5 44. h4 axb4 45. hxg5 hxg5 46.
Rxg5 bxc3 47. Rg6+ Kf7 48. Rg3 Rc5 49. Rf3+ Ke6 50. Rf1 b5 51. g4 Rc4+ 52. Kd3
Rxg4 53. Kxc3 Rg3+ 54. Kb4 e4 55. Kxb5 Kd5 56. Rd1+ Rd3 57. Re1 Kd4 58. Kb4 Rd2
59. Kb3 Kd3 60. Rh1 e3 61. Rh3 Rf2 62. Rh8 Rf4 63. Kb2 e2 64. Rh1 Kd2 65. Rh2
Kd1 66. Rh1+ e1=Q 67. Rxe1+ Kxe1 68. Kc2 Ke2 69. Kc3 Ke3 70. Kc2 Rc4+ 71. Kb3
Kd3 72. Kb2 Rc3 73. Kb1 Rc2 74. Ka1 Kc3 75. Kb1 Kb3 0-1

[Event "GBR-ch108 Senior 65+"]
[Site "Torquay"]
[Date "2022.08.15"]
[Round "1.1"]
[White "Fryer, David W"]
[Black "Nunn, John D M"]
[Result "0-1"]
[WhiteElo "1875"]
[BlackElo "2577"]
[PlyCount "64"]
[EventDate "2022.08.15"]
[EventType "swiss"]
[EventRounds "7"]
[EventCountry "GBR"]
[SourceTitle "BritBase"]
[Source "John Saunders"]
[SourceDate "2021.06.05"]
[SourceVersion "1"]
[SourceVersionDate "2021.06.05"]
[SourceQuality "1"]
[WhiteTeam "England"]
[BlackTeam "England"]
[WhiteTeamCountry "ENG"]
[BlackTeamCountry "ENG"]

1. e4 c5 2. Nf3 d6 3. d4 Nf6 4. Nc3 cxd4 5. Nxd4 a6 6. Rg1 e6 7. g4 b5 8. g5
Nfd7 9. Be3 Bb7 10. Qe2 Be7 11. a3 Nb6 12. h4 N8d7 13. Bh3 Nc5 14. f3 Qc7 15.
h5 g6 16. Qf2 Nc4 17. Bc1 Rd8 18. h6 e5 19. Nde2 O-O 20. b3 Nb6 21. Bb2 Ne6 22.
Bxe6 fxe6 23. Qg3 Qc5 24. Bc1 Rf7 25. Bd2 d5 26. Rc1 Nd7 27. Nb1 Rdf8 28. Bb4
Qe3 29. Bd2 Qxf3 30. Qxf3 Rxf3 31. exd5 exd5 32. b4 Bd8 0-1

[Event "GBR-ch108 Senior 65+"]
[Site "Torquay"]
[Date "2022.08.15"]
[Round "1.2"]
[White "Chandler, Cliff R"]
[Black "Michaud, Gerald"]
[Result "1-0"]
[WhiteElo "2244"]
[BlackElo "1871"]
[PlyCount "87"]
[EventDate "2022.08.15"]
[EventType "swiss"]
[EventRounds "7"]
[EventCountry "GBR"]
[SourceTitle "BritBase"]
[Source "John Saunders"]
[SourceDate "2021.06.05"]
[SourceVersion "1"]
[SourceVersionDate "2021.06.05"]
[SourceQuality "1"]
[WhiteTeam "England"]
[BlackTeam "Canada"]
[WhiteTeamCountry "ENG"]
[BlackTeamCountry "CAN"]

1. e4 e6 2. d4 d5 3. Nc3 Bb4 4. exd5 exd5 5. Bd3 Ne7 6. Qf3 c6 7. Nge2 O-O 8.
a3 Bd6 9. Bf4 Be6 10. O-O Ng6 11. Bxd6 Qxd6 12. Qg3 Qxg3 13. fxg3 Nd7 14. Nf4
Nxf4 15. gxf4 f6 16. Rae1 Rae8 17. Re3 Bf7 18. Rfe1 Rxe3 19. Rxe3 Re8 20. Kf2
Rxe3 21. Kxe3 h6 22. b4 b5 23. a4 a6 24. a5 Kf8 25. Ne2 g6 26. g4 Ke7 27. Ng3
Nf8 28. h4 Be8 29. h5 gxh5 30. gxh5 Bd7 31. Kf3 Kf7 32. c3 Ke7 33. Bf5 Ne6 34.
Kg4 Kf7 35. Bg6+ Kf8 36. Kf3 Ng7 37. f5 Ne8 38. Bxe8 Bxe8 39. Kg4 Bf7 40. Ne2
Ke8 41. Nf4 Kd7 42. Nd3 Kc8 43. Nc5 Kb8 44. Nxa6+ 1-0

[Event "GBR-ch108 Senior 65+"]
[Site "Torquay"]
[Date "2022.08.15"]
[Round "1.3"]
[White "Costello, Colin A"]
[Black "James, Geoffrey H"]
[Result "1/2-1/2"]
[WhiteElo "1866"]
[BlackElo "2118"]
[PlyCount "57"]
[EventDate "2022.08.15"]
[EventType "swiss"]
[EventRounds "7"]
[EventCountry "GBR"]
[SourceTitle "BritBase"]
[Source "John Saunders"]
[SourceDate "2021.06.05"]
[SourceVersion "1"]
[SourceVersionDate "2021.06.05"]
[SourceQuality "1"]
[WhiteTeam "England"]
[BlackTeam "England"]
[WhiteTeamCountry "ENG"]
[BlackTeamCountry "ENG"]

1. c4 e5 2. Nc3 Nf6 3. g3 Nc6 4. Bg2 Bb4 5. Nf3 O-O 6. O-O d6 7. d3 Bxc3 8.
bxc3 e4 9. Nd4 Nxd4 10. cxd4 Re8 11. Bg5 Bf5 12. dxe4 Bxe4 13. Bxe4 Rxe4 14.
Qd3 Re6 15. Rab1 Rb8 16. e3 h6 17. Bxf6 Qxf6 18. Qa3 a6 19. Qa5 Re7 20. Qd5 c6
21. Qa5 Qe6 22. d5 Qc8 23. Qb6 Rc7 24. Rfd1 Qd7 25. Qa5 c5 26. Rb6 Re8 27. Rdb1
Re4 28. Qc3 Re7 29. Ra1 1/2-1/2

[Event "GBR-ch108 Senior 65+"]
[Site "Torquay"]
[Date "2022.08.15"]
[Round "1.5"]
[White "Collinson, Mark I"]
[Black "Orton, Stephen L A"]
[Result "0-1"]
[WhiteElo "1854"]
[BlackElo "2116"]
[PlyCount "74"]
[EventDate "2022.08.15"]
[EventType "swiss"]
[EventRounds "7"]
[EventCountry "GBR"]
[SourceTitle "BritBase"]
[Source "John Saunders"]
[SourceDate "2021.06.05"]
[SourceVersion "1"]
[SourceVersionDate "2021.06.05"]
[SourceQuality "1"]
[WhiteTeam "England"]
[BlackTeam "England"]
[WhiteTeamCountry "ENG"]
[BlackTeamCountry "ENG"]

1. d4 Nf6 2. g3 g6 3. Bg2 Bg7 4. e4 d6 5. Ne2 c6 6. c4 O-O 7. Nbc3 Nbd7 8. O-O
e5 9. h3 exd4 10. Nxd4 Qa5 11. Bf4 Ne5 12. Nb3 Qc7 13. c5 dxc5 14. Nxc5 Nh5 15.
Qe2 b6 16. Nb3 a5 17. Bxe5 Bxe5 18. Qe3 a4 19. Nd2 a3 20. b3 Rd8 21. Nf3 Bd6
22. e5 Bc5 23. Qg5 Be7 24. Qh6 Bf8 25. Qe3 Nxg3 26. Ne4 Nxe4 27. Qxe4 Bf5 28.
Qf4 Bg7 29. Rac1 Ra5 30. Rfe1 Re8 31. Qb4 c5 32. Qf4 Qb8 33. h4 f6 34. Qc4+ Be6
35. Qc3 fxe5 36. Nxe5 c4 37. bxc4 Bxe5 0-1

[Event "GBR-ch108 Senior 65+"]
[Site "Torquay"]
[Date "2022.08.15"]
[Round "1.6"]
[White "James, David J"]
[Black "Williams, Stephen M"]
[Result "1-0"]
[WhiteElo "2100"]
[BlackElo "1851"]
[PlyCount "47"]
[EventDate "2022.08.15"]
[EventType "swiss"]
[EventRounds "7"]
[EventCountry "GBR"]
[SourceTitle "BritBase"]
[Source "John Saunders"]
[SourceDate "2021.06.05"]
[SourceVersion "1"]
[SourceVersionDate "2021.06.05"]
[SourceQuality "1"]
[WhiteTeam "Wales"]
[BlackTeam "England"]
[WhiteTeamCountry "WLS"]
[BlackTeamCountry "ENG"]

1. d4 d5 2. Nf3 Nf6 3. g3 c6 4. Bg2 Bf5 5. c4 Bxb1 6. Rxb1 Qa5+ 7. Bd2 Qxa2 8.
c5 Ne4 9. O-O Nxd2 10. Qxd2 Nd7 11. Ra1 Qb3 12. Ra3 Qb5 13. Ra5 Qb3 14. Rfa1 b6
15. R1a3 Nxc5 16. dxc5 Qc4 17. cxb6 e6 18. R3a4 Qb3 19. Rxa7 Qxa4 20. Rxa4 Rxa4
21. Qc3 c5 22. Qe5 Rb4 23. Qb8+ Ke7 24. b7 1-0

[Event "GBR-ch108 Senior 65+"]
[Site "Torquay"]
[Date "2022.08.15"]
[Round "1.7"]
[White "Ingham, H William"]
[Black "Hutchinson, Paul A"]
[Result "1/2-1/2"]
[WhiteElo "1842"]
[BlackElo "2083"]
[PlyCount "129"]
[EventDate "2022.08.15"]
[EventType "swiss"]
[EventRounds "7"]
[EventCountry "GBR"]
[SourceTitle "BritBase"]
[Source "John Saunders"]
[SourceDate "2021.06.05"]
[SourceVersion "1"]
[SourceVersionDate "2021.06.05"]
[SourceQuality "1"]
[WhiteTeam "England"]
[BlackTeam "England"]
[WhiteTeamCountry "ENG"]
[BlackTeamCountry "ENG"]

1. d4 d5 2. Bf4 h5 3. Nf3 Bf5 4. c4 e6 5. Nc3 c6 6. cxd5 exd5 7. Qb3 Qb6 8. e3
Qxb3 9. axb3 Nd7 10. Ne5 Ngf6 11. Bd3 Bxd3 12. Nxd3 Be7 13. O-O O-O 14. Na4 b6
15. Rfc1 Rfc8 16. Ne5 Nxe5 17. Bxe5 Nd7 18. h3 b5 19. Nc3 a5 20. Bg3 Nb6 21.
Rc2 h4 22. Bf4 g5 23. Be5 f6 24. Bh2 a4 25. bxa4 b4 26. Ne2 Nxa4 27. Rac1 b3
28. Rd2 Ra5 29. Rd3 Rb5 30. Rb1 Ra8 31. Nc3 Rb4 32. Nxa4 Raxa4 33. g3 Ra2 34.
gxh4 gxh4 35. Rc3 Rb6 36. Kf1 Ba3 37. bxa3 b2 38. Rd3 Ra1 39. Rdd1 Rxa3 40. Ke2
Rc3 41. Rd2 Rcb3 42. Rd3 R3b4 43. Kd2 Rb7 44. Rc3 R4b6 45. Rc2 Rg7 46. Rbxb2
Rxb2 47. Rxb2 Rg2 48. Bf4 Rxf2+ 49. Kc3 Rf3 50. Rb6 Rxh3 51. Rxc6 Kf7 52. Rd6
Rh1 53. Rxd5 Kg6 54. Ra5 Rc1+ 55. Kd2 Rg1 56. d5 h3 57. d6 h2 58. Bxh2 Rg2+ 59.
Kd3 Rxh2 60. e4 Rh8 61. Kd4 Kf7 62. Rd5 Ke6 63. Kc5 Rc8+ 64. Kb6 Kd7 65. e5
1/2-1/2